Del amor y otros demonios / (Registro nro. 8837)

Detalles MARC
000 -LIDER
fixed length control field 00824nam a22002897a 4500
001 - NÚMERO DE CONTROL
Identificador de número de control
003 - IDENTIFICACDOR DE NÚMERO DE CONTROL
control field DO-SdBNP
005 - DATE AND TIME OF LATEST TRANSACTION
control field 20220317133443.0
007 - CAMPOS FIJOS DE DESCRIPCIÓN FÍSICA
fixed length control field
008 - ELEMENTOS DE LONGITUD FIJA
fixed length control field 151005b1994 cl 00| 0 spa d
040 ## - FUENTE DE CATALOGACIÓN
Agencia que crea de manera original el registro BPMSU
Idioma de catalogación spa
Agencia que realiza la transcripción BPMSU
082 ## - NÚMERO DE CLASIFICACIÓN DECIMAL DE DEWEY
Classification number Co863.6
Item number G216d 1994
Edition number 22
092 ## - LOCALLY ASSIGNED DEWEY DECIMAL CALL NUMBER
Número de clasificación
Número de ítem (Cutter) XXXX
100 1# - ASIENTO PRINCIPAL -- NOMBRE PERSONAL
Nombre personal García Márquez, Gabriel
Fechas asociadas con el nombre 1927-2014
245 14 - MENCIÓN DE TITULO
Título Del amor y otros demonios /
Mención de responsabilidad Gabriel García Márquez
260 ## - PUBLICACIÓN, DISTRIBUCIÓN, ETC. (PIE DE IMPRENTA)
Lugar de publicación, distribución, etc Santo Domingo :
Nombre del editor, distribuidor, etc. Taller,
Fecha de publicación, distribución, etc 1994.
300 ## - DESCRIPCIÓN FÍSICA
Extensión 198 p. :
Dimensiones 22 cm.
490 0# - MENCIÓN DE SERIES
Mención de serie Biblioteca taller
Volume/sequential designation 299
500 ## - NOTA GENERAL
Nota general Incluye datos biográficos del autor en la contracubierta
521 1# - TARGET AUDIENCE NOTE
Target audience note A partir de los 12 años
590 ## - NOTA LOCAL
Enlace Inventariado, 2022/VM
650 #4 - ENCABEZAMIENTO DE MATERIA--TEMÁTICO
Término temático o nombre geográfico como elemento de entrada Novela colombiana.
650 #4 - ENCABEZAMIENTO DE MATERIA--TEMÁTICO
Término temático o nombre geográfico como elemento de entrada Literatura colombiana
910 ## - VALIDACIÓN
Validación VMateo V.
942 ## - ADDED ENTRY ELEMENTS (KOHA)
Source of classification or shelving scheme Dewey Decimal Classification
Koha item type Libros
956 ## - LOCAL ELECTRONIC LOCATION AND ACCESS (OCLC)
Nombre de host Yngrid Lockward
Existencias
Withdrawn status Lost status Source of classification or shelving scheme Damaged status Not for loan Collection code Home library Current library Date acquired Source of acquisition Total Checkouts Full call number Barcode Date last seen Price effective from Koha item type
    Dewey Decimal Classification     Colección General Biblioteca Pública Metropolitana Salomé Ureña Biblioteca Pública Metropolitana Salomé Ureña 11/20/2015 Donación   BPMSU CG Co863.6 G216d 1994 BPMSU15110408 11/20/2015 11/20/2015 Libros